CAF Africa Cup of Nations Host Cities 1957-2025 - Statistics

General Stats
  • This quiz has been taken 53 times
  • The average score is 56 of 108
Answer Stats
Edition City % Correct
Egypt 1974 | Egypt 1986 | Egypt 2006 | +2 others Cairo
94%
Tunisia 1965 | Tunisia 1994 | Tunisia 2004 Tunis
89%
Morocco 1988 | Morocco 2025 Rabat
87%
Morocco 1988 | Morocco 2025 Casablanca
85%
Ghana & Nigeria 2000 | Ghana 1963 | Ghana 1978 | Ghana 2008 Accra
83%
Ethiopia 1962 | Ethiopia 1968 | Ethiopia 1976 Addis Ababa
83%
Sudan 1957 | Sudan 1970 Khartoum
83%
Egypt 1974 | Egypt 1986 | Egypt 2006 | Egypt 2019 Alexandria
79%
Ivory Coast 1984 | Ivory Coast 2023 Abidjan
77%
Ghana & Nigeria 2000 | Nigeria 1980 Lagos
74%
Libya 1982 Tripoli
74%
Cameroon 1972 | Cameroon 2021 Yaounde
74%
Mali 2002 Bamako
70%
Morocco 2025 Fez
70%
South Africa 1996 | South Africa 2013 Johannesburg
70%
Angola 2010 Luanda
70%
Morocco 2025 Marrakesh
70%
Senegal 1992 Dakar
68%
South Africa 1996 | South Africa 2013 Durban
66%
South Africa 1996 Bloemfontein
64%
Equatorial Guinea & Gabon 2012 | Gabon 2017 Libreville
64%
Equatorial Guinea & Gabon 2012 | Equatorial Guinea 2015 Malabo
64%
Burkina Faso 1998 Ouagadougou
64%
Algeria 1990 Algiers
62%
Ghana & Nigeria 2000 Kano
60%
Libya 1982 Benghazi
57%
Cameroon 1972 | Cameroon 2021 Douala
57%
Morocco 2025 Tangier
57%
Egypt 2006 Port Said
55%
Tunisia 1965 | Tunisia 2004 Sfax
55%
Morocco 2025 Agadir
53%
South Africa 1996 | South Africa 2013 Port Elizabeth
53%
Ivory Coast 2023 Yamoussoukro
51%
Tunisia 1965 | Tunisia 1994 | Tunisia 2004 Sousse
49%
Nigeria 1980 Ibadan
43%
Ghana & Nigeria 2000 | Ghana 1963 | Ghana 1978 | Ghana 2008 Kumasi
43%
Egypt 2019 Suez
38%
Equatorial Guinea & Gabon 2012 | Equatorial Guinea 2015 Bata
36%
Angola 2010 Cabinda
32%
Ethiopia 1976 Dire Dawa
32%
Ivory Coast 1984 | Ivory Coast 2023 Bouake
30%
Ivory Coast 2023 San-Pedro
30%
Angola 2010 Benguela
28%
Algeria 1990 Annaba
26%
Tunisia 1965 | Tunisia 2004 Bizerte
26%
Burkina Faso 1998 Bobo-Dioulasso
26%
Egypt 2006 | Egypt 2019 Ismailia
26%
Equatorial Guinea & Gabon 2012 | Gabon 2017 Franceville
23%
Gabon 2017 Port-Gentil
23%
Mali 2002 Sikasso
23%
Ghana 2008 Tamale
23%
Ethiopa 1968 Asmara
21%
Mali 2002 Mopti
21%
South Africa 2013 Nelspruit
21%
South Africa 2013 Rustenburg
21%
Cameroon 2021 Garoua
19%
Ivory Coast 2023 Korhogo
19%
Ghana 2008 Sekondi-Takoradi
19%
Senegal 1992 Ziguinchor
19%
Cameroon 2021 Bafoussam
17%
Egypt 1974 El-Mahalla El Kubra
17%
Mali 2002 Kayes
17%
Tunisia 2004 Monastir
17%
Sudan 1970 Wad Madani
17%
Equatorial Guinea 2015 Mongomo
15%
Egypt 1974 Damanhour
13%
Equatorial Guinea 2015 Ebibeyin
13%
Angola 2010 Lubango
13%
Gabon 2017 Oyem
11%
Cameroon 2021 Limbe
9%
Mali 2002 Segou
9%
No matching quizzes found
Score Distribution
Percent of People with Each Score
Percentile by Number Answered
Your Score History
You have not taken this quiz